মুফাসসির পরিচিতি ও তাফসীর পর্যালোচনা / (Record no. 40591)
[ view plain ]
| 000 -LEADER | |
|---|---|
| fixed length control field | 00944nam a2200241 a 4500 |
| 001 - CONTROL NUMBER | |
| control field | 40591 |
| 003 - CONTROL NUMBER IDENTIFIER | |
| rucl marc code | BD-RjUL |
| 005 - DATE AND TIME OF LATEST TRANSACTION | |
| control field | 20211209053239.0 |
| 008 - FIXED-LENGTH DATA ELEMENTS--GENERAL INFORMATION | |
| fixed length control field | 160504s2001 bg ||||| b||| 00| 0 ben d |
| 020 ## - INTERNATIONAL STANDARD BOOK NUMBER | |
| Terms of availability | :TK.150.00 |
| 035 ## - SYSTEM CONTROL NUMBER | |
| System control number | (BD-RjUL)40706 |
| 040 ## - CATALOGING SOURCE | |
| Original cataloging agency | BD-RjUL |
| Language of cataloging | ben |
| Transcribing agency | BD-RjUL |
| 041 ## - LANGUAGE CODE | |
| Language code of text/sound track or separate title | ben |
| 082 ## - DEWEY DECIMAL CLASSIFICATION NUMBER | |
| Edition number | 23 |
| Classification number | 297 |
| Author mark and year | HOM 2001 |
| 100 ## - MAIN ENTRY--PERSONAL NAME | |
| Personal name | হোসেন, মোহাম্মদ বেলাল |
| 9 (RLIN) | 124918 |
| 245 10 - TITLE STATEMENT | |
| Title | মুফাসসির পরিচিতি ও তাফসীর পর্যালোচনা / |
| Statement of responsibility, etc. | মোহাম্মদ বেলাল হোসেন |
| 260 ## - PUBLICATION, DISTRIBUTION, ETC. (IMPRINT) | |
| Place of publication, distribution, etc. | রাজশাহী : |
| Name of publisher, distributor, etc. | সেন্টার ফর ইসলামিক রিসার্চ, |
| Date of publication, distribution, etc. | ২০০১ |
| 300 ## - PHYSICAL DESCRIPTION | |
| Pagination | [৮], ২৪৮ পৃ. ; |
| Size | ২২ সেমি. |
| 504 ## - BIBLIOGRAPHY, ETC. NOTE | |
| Bibliography, etc | গ্রন্থপঞ্জি সংযুক্ত |
| 650 ## - SUBJECT ADDED ENTRY--TOPICAL TERM | |
| Topical term or geographic name as entry element | ইসলাম |
| 9 (RLIN) | 124919 |
| Topical term or geographic name as entry element | Islam |
| 9 (RLIN) | 124920 |
| 942 ## - ADDED ENTRY ELEMENTS (KOHA) | |
| Source of classification or shelving scheme | Dewey Decimal Classification |
| Koha item type | Books |
| Lost status | Source of classification or shelving scheme | Damaged status | Not for loan | Collection code | Permanent Location | Current Location | Shelving location | Date acquired | Source of acquisition | Cost, normal purchase price | Total Checkouts | Full call number | Date last seen | Date checked out | Copy number | Koha item type |
|---|---|---|---|---|---|---|---|---|---|---|---|---|---|---|---|---|
| Dewey Decimal Classification | Non-fiction | Central Library, University of Rajshahi | Central Library, University of Rajshahi | 29/11/2001 | Islamic Staduis Bivag, Rajshahi | 150.00 | 2 | B 297 HOM 2001 | 20/07/2022 | 30/06/2022 | C-2 | Books | ||||
| Dewey Decimal Classification | Non-fiction | Central Library, University of Rajshahi | Central Library, University of Rajshahi | 29/11/2001 | Islamic Staduis Bivag, Rajshahi | 150.00 | B 297 HOM 2001 | 04/05/2016 | C-3 | Books | ||||||
| Dewey Decimal Classification | Non-fiction | Central Library, University of Rajshahi | Central Library, University of Rajshahi | 29/11/2001 | Islamic Staduis Bivag, Rajshahi | 150.00 | B 297 HOM 2001 | 04/05/2016 | C-4 | Books | ||||||
| Dewey Decimal Classification | Non-fiction | Central Library, University of Rajshahi | Central Library, University of Rajshahi | 29/11/2001 | Islamic Staduis Bivag, Rajshahi | 150.00 | 1 | B 297 HOM 2001 | 13/02/2020 | 02/02/2020 | C-5 | Books | ||||
| Dewey Decimal Classification | Non-fiction | Central Library, University of Rajshahi | Central Library, University of Rajshahi | 29/11/2001 | Islamic Staduis Bivag, Rajshahi | 150.00 | 1 | B 297 HOM 2001 | 17/08/2022 | 31/07/2022 | C-6 | Books | ||||
| Dewey Decimal Classification | Non-fiction | Central Library, University of Rajshahi | Central Library, University of Rajshahi | 29/11/2001 | Islamic Staduis Bivag, Rajshahi | 150.00 | B 297 HOM 2001 | 04/05/2016 | C-7 | Books | ||||||
| Dewey Decimal Classification | Non-fiction | Central Library, University of Rajshahi | Central Library, University of Rajshahi | 29/11/2001 | slamic Staduis Bivag, Rajshahi | 150.00 | B 297 HOM 2001 | 17/07/2016 | C-8 | Books |